[Event "DEN-ch sf4"]
[White "Rasmussen, Morten Fredsgaard"]
[Black "Damgaard Poulsen, Albert"]
[Site "Svendborg"]
[Round "4"]
[Result "0-1"]
[Date "2024.03.29"]
[WhiteElo "1881"]
[BlackElo "1707"]
[PlyCount "88"]
[EventDate "2024.03.29"]
[EventType "swiss"]
[EventRounds "7"]
[EventCountry "DEN"]
[SourceTitle "CBM 219 Extra"]
[Source "ChessBase"]
[SourceDate "2024.05.31"]
[SourceVersion "1"]
[SourceVersionDate "2024.05.31"]
[SourceQuality "1"]

1. d4 d5 2. Bf4 Nf6 3. e3 c5 4. c3 Nc6 5. Nd2 Bf5 6. Qb3 Qd7 7. Ngf3 c4 8. Qd1 e6 9. Ne5 Qc8 10. g4 Bg6 11. h4 h5 12. Nxg6 fxg6 13. g5 Nd7 14. Bh3 Nb6 15. f3 Be7 16. e4 0-0 17. exd5 Nxd5 18. Bh2 Ne3 19. Qe2 Nf5 20. Nxc4 Kh7 21. Qe4 Ncxd4 22. Bxf5 Nxf5 23. 0-0-0 Qc5 24. Bg1 Qb5 25. Qxe6 Rfe8 26. Qd5 Qa4 27. Nd2 Rac8 28. Bf2 Red8 29. Qb3 Qf4 30. Rhe1 Rd3 31. Re4 Qh2 32. Qc2 Rcd8 33. Bd4 R3xd4 34. cxd4 Nxd4 35. Qc4 Nf5 36. Qe2 Qd6 37. Re6 Nd4 38. Rxd6 Nxe2+ 39. Kc2 Rxd6 40. Re1 Nd4+ 41. Kc3 Nf5 42. Re4 Rc6+ 43. Kd3 Bc5 44. Nc4 Nd6 0-1

[Event "DEN-ch sf4"]
[White "Svendsen, Peter Willer"]
[Black "Rasmussen, Morten Fredsgaard"]
[Site "Svendborg"]
[Round "3"]
[Result "1/2-1/2"]
[Date "2024.03.29"]
[WhiteElo "1898"]
[BlackElo "1881"]
[PlyCount "47"]
[EventDate "2024.03.29"]
[EventType "swiss"]
[EventRounds "7"]
[EventCountry "DEN"]
[SourceTitle "CBM 219 Extra"]
[Source "ChessBase"]
[SourceDate "2024.05.31"]
[SourceVersion "1"]
[SourceVersionDate "2024.05.31"]
[SourceQuality "1"]

1. e4 c6 2. d4 d5 3. Nc3 dxe4 4. Nxe4 Bf5 5. Ng3 Bg6 6. Nf3 Nd7 7. Bc4 e6 8. 0-0 Ngf6 9. Re1 Be7 10. Bg5 0-0 11. Bb3 Nd5 12. Bxe7 Nxe7 13. Qd2 Qc7 14. Rad1 Rad8 15. Qg5 Nd5 16. Ne4 N7f6 17. Nxf6+ gxf6 18. Qh4 Qf4 19. Bxd5 Qxh4 20. Nxh4 Rxd5 21. Nxg6 hxg6 22. Rd3 Rfd8 23. Red1 Kf8 24. Kf1 1/2-1/2

[Event "DEN-ch G5-2"]
[White "Agger, Lars Breinholt"]
[Black "Rasmussen, Morten Fredsgaard"]
[Site "Svendborg"]
[Round "5"]
[Result "0-1"]
[Date "2023.04.05"]
[WhiteElo "1828"]
[BlackElo "1818"]
[PlyCount "106"]
[EventDate "2023.04.05"]
[EventType "swiss"]
[EventRounds "5"]
[EventCountry "DEN"]
[SourceTitle "CBM 213 Extra"]
[Source "ChessBase"]
[SourceDate "2023.05.31"]
[SourceVersion "1"]
[SourceVersionDate "2023.05.31"]
[SourceQuality "1"]

1. e4 c6 2. d4 d5 3. Nc3 dxe4 4. Nxe4 Bf5 5. Ng3 Bg6 6. h4 h6 7. Nf3 Nd7 8. h5 Bh7 9. Bd3 Bxd3 10. Qxd3 e6 11. Bd2 Ngf6 12. 0-0-0 Qc7 13. c4 0-0-0 14. Bc3 Bd6 15. Ne4 Nxe4 16. Qxe4 Nf6 17. Qc2 c5 18. Kb1 cxd4 19. Bxd4 Bc5 20. Rh4 Bxd4 21. Nxd4 a6 22. c5 Rd5 23. Nb3 Rxd1+ 24. Qxd1 Rd8 25. Qe2 Qc6 26. Na5 Qd5 27. Rb4 Qd1+ 28. Qxd1 Rxd1+ 29. Kc2 Rd7 30. Nc4 Nd5 31. Rb3 Rc7 32. Nd6+ Kb8 33. Kd2 Nf6 34. Rc3 Nxh5 35. b4 Nf4 36. Rc4 Ng6 37. a4 f6 38. Re4 e5 39. Kc3 Nh8 40. Kc4 Nf7 41. Kd5 Rd7 42. Rg4 Nd8 43. b5 axb5 44. axb5 Kc7 45. Ra4 Kb8 46. c6 Rc7 47. Ne8 bxc6+ 48. bxc6 Rxc6 49. Rb4+ Kc8 50. Nxg7 Rc2 51. Nf5 Rd2+ 52. Ke4 Rxf2 53. Rb6 Rf4+ 0-1

[Event "DEN-ch G5-2"]
[White "Dithlevsen, Birgit"]
[Black "Rasmussen, Morten Fredsgaard"]
[Site "Svendborg"]
[Round "1"]
[Result "1/2-1/2"]
[Date "2023.04.05"]
[WhiteElo "1445"]
[BlackElo "1818"]
[PlyCount "110"]
[EventDate "2023.04.05"]
[EventType "swiss"]
[EventRounds "5"]
[EventCountry "DEN"]
[SourceTitle "CBM 213 Extra"]
[Source "ChessBase"]
[SourceDate "2023.05.31"]
[SourceVersion "1"]
[SourceVersionDate "2023.05.31"]
[SourceQuality "1"]

1. e4 c6 2. Nc3 d5 3. exd5 cxd5 4. Bb5+ Nc6 5. d4 Nf6 6. f3 e6 7. Nge2 Qb6 8. Bxc6+ bxc6 9. b3 Ba6 10. Bd2 Rc8 11. a4 c5 12. a5 Qc7 13. Bf4 Qc6 14. Na4 Bxe2 15. Qxe2 cxd4 16. Ra2 Bb4+ 17. Bd2 Bd6 18. 0-0 0-0 19. Qd3 e5 20. c3 dxc3 21. Bxc3 Rfd8 22. Bd2 d4 23. Rc1 Qd5 24. Rxc8 Rxc8 25. Rc2 Rb8 26. Rc4 Qb7 27. Nc5 Bxc5 28. Rxc5 Nd7 29. Rc1 Qxb3 30. Qf5 Qe6 31. Qxe6 fxe6 32. Rc7 Nf6 33. Rxa7 Rb2 34. Bg5 Nd5 35. a6 d3 36. Ra8+ Kf7 37. a7 Ra2 38. h4 Kg6 39. Re8 Nc7 40. Rd8 Rxa7 41. Rxd3 Nd5 42. Kh2 Ra4 43. Kg3 h6 44. Bc1 Kh5 45. Bb2 e4 46. fxe4 Rxe4 47. Kf2 Rf4+ 48. Kg1 Rxh4 49. Bxg7 Rg4 50. Rh3+ Kg6 51. Bxh6 e5 52. Kf2 e4 53. Be3 Nxe3 54. Rxe3 Kf5 55. g3 Ke5 1/2-1/2

[Event "Helsingor Xtracon op"]
[White "Liabotro, Ola"]
[Black "Rasmussen, Morten Fredsgaard"]
[Site "Helsingor"]
[Round "9"]
[Result "1-0"]
[Date "2019.07.27"]
[WhiteElo "2081"]
[BlackElo "1882"]
[PlyCount "63"]
[EventDate "2019.07.20"]
[EventType "swiss"]
[EventRounds "10"]
[EventCountry "DEN"]
[SourceTitle "CBM 191 Extra"]
[Source "ChessBase"]
[SourceDate "2019.09.30"]
[SourceVersion "1"]
[SourceVersionDate "2019.09.30"]
[SourceQuality "1"]

1. e4 c6 2. d4 d5 3. Nc3 dxe4 4. Nxe4 Bf5 5. Ng3 Bg6 6. h4 h6 7. Nf3 Nd7 8. h5 Bh7 9. Bd3 Bxd3 10. Qxd3 Ngf6 11. Bf4 Qa5+ 12. Bd2 Qc7 13. 0-0-0 e6 14. Ne4 Nxe4 15. Qxe4 Nf6 16. Qe2 0-0-0 17. g3 Bd6 18. c4 c5 19. Kb1 cxd4 20. Nxd4 a6 21. Bc3 Rd7 22. Nb3 Rhd8 23. c5 Be7 24. Rc1 Qc6 25. Ba5 Re8 26. Rhe1 Rd5 27. Bb6 Bd8 28. Rc4 Qd7 29. Rec1 Bxb6 30. cxb6+ Kb8 31. Rc7 Qd6 32. Nc5 1-0

[Event "Helsingor Xtracon op"]
[White "Sorokin, Artem"]
[Black "Rasmussen, Morten Fredsgaard"]
[Site "Helsingor"]
[Round "8"]
[Result "1/2-1/2"]
[Date "2018.07.27"]
[WhiteElo "1660"]
[BlackElo "1901"]
[PlyCount "101"]
[EventDate "2018.07.21"]
[EventType "swiss"]
[EventRounds "10"]
[EventCountry "DEN"]
[SourceTitle "CBM 185 Extra"]
[Source "ChessBase"]
[SourceDate "2018.07.29"]
[SourceVersion "1"]
[SourceVersionDate "2018.07.29"]
[SourceQuality "1"]

1. e4 c6 2. d4 d5 3. e5 Bf5 4. Nf3 e6 5. Be2 c5 6. c3 Nc6 7. 0-0 Qb6 8. dxc5 Bxc5 9. b4 Be7 10. Be3 Qc7 11. Qa4 Kf8 12. Bf4 Bg4 13. Nbd2 g5 14. b5 Na5 15. Bxg5 Bxg5 16. Qxg4 Bxd2 17. Nxd2 Qxe5 18. Qb4+ Kg7 19. Bd3 Nc4 20. Bxc4 dxc4 21. Nxc4 Qf4 22. Rad1 Nf6 23. Rd4 Qc7 24. Rfd1 Rac8 25. R1d3 Rhd8 26. Rg3+ Kh8 27. Nd6 Rb8 28. b6 axb6 29. Qxb6 Rd7 30. Qxc7 Rxc7 31. Rf4 Rd8 32. Rd4 Nd5 33. Nb5 Rcd7 34. c4 Nc3 35. Rxc3 Rxd4 36. Nxd4 Rxd4 37. g3 h5 38. h4 Kg7 39. a4 Kf6 40. a5 Rd1+ 41. Kg2 Ra1 42. Rb3 Rxa5 43. Rxb7 Rc5 44. Rb4 e5 45. Rb6+ Kf5 46. Rh6 Rxc4 47. Rxh5+ Ke6 48. Rh8 f6 49. h5 Kf7 50. h6 Kg6 51. Kf3 1/2-1/2

[Event "Helsingor Xtracon op"]
[White "Leonhardsen, Vebjorn Maanum"]
[Black "Rasmussen, Morten Fredsgaard"]
[Site "Helsingor"]
[Round "7"]
[Result "1-0"]
[Date "2018.07.26"]
[WhiteElo "1726"]
[BlackElo "1901"]
[PlyCount "71"]
[EventDate "2018.07.21"]
[EventType "swiss"]
[EventRounds "10"]
[EventCountry "DEN"]
[SourceTitle "CBM 185 Extra"]
[Source "ChessBase"]
[SourceDate "2018.07.29"]
[SourceVersion "1"]
[SourceVersionDate "2018.07.29"]
[SourceQuality "1"]

1. d4 e6 2. Nf3 f5 3. g3 b6 4. Bg2 Bb7 5. 0-0 Nf6 6. Bg5 h6 7. Bxf6 Qxf6 8. Nbd2 Bd6 9. Re1 0-0 10. c3 c5 11. e3 Be4 12. Qe2 Be7 13. Nxe4 fxe4 14. Ne5 d5 15. Rf1 Bd6 16. f3 Qg5 17. fxe4 Bxe5 18. dxe5 Nc6 19. exd5 Nxe5 20. dxe6 Rad8 21. Rf4 c4 22. Raf1 Qe7 23. Bh3 g5 24. Rf5 Qd6 25. Qh5 Kg7 26. Qe2 Kg8 27. e4 Rfe8 28. Rf6 Qc5+ 29. Kh1 Rf8 30. Qh5 Rxf6 31. Rxf6 Rf8 32. e7 Qxe7 33. Be6+ Nf7 34. Qg6+ Kh8 35. Bxf7 Rxf7 36. Rxf7 1-0

[Event "Helsingor Xtracon op"]
[White "Rasmussen, Morten Fredsgaard"]
[Black "Rossen, Claus"]
[Site "Helsingor"]
[Round "3"]
[Result "1/2-1/2"]
[Date "2018.07.22"]
[WhiteElo "1901"]
[BlackElo "2168"]
[PlyCount "56"]
[EventDate "2018.07.21"]
[EventType "swiss"]
[EventRounds "10"]
[EventCountry "DEN"]
[SourceTitle "CBM 185 Extra"]
[Source "ChessBase"]
[SourceDate "2018.07.29"]
[SourceVersion "1"]
[SourceVersionDate "2018.07.29"]
[SourceQuality "1"]

1. d4 Nf6 2. Nf3 g6 3. Bg5 Bg7 4. Nbd2 d5 5. e3 0-0 6. Bd3 b6 7. c3 Bb7 8. 0-0 Nbd7 9. Re1 Ne4 10. Bf4 c5 11. Bxe4 dxe4 12. Ng5 e5 13. dxe5 Nxe5 14. Bxe5 Qxg5 15. Bxg7 Kxg7 16. Qe2 f5 17. Rad1 Rad8 18. Nb1 Rd3 19. h4 Qd8 20. c4 Rf7 21. Rd2 Rxd2 22. Qxd2 Qxd2 23. Nxd2 Rd7 24. Nb1 Rd3 25. Rc1 Ba6 26. b3 Kf7 27. Kf1 Ke6 28. Ke1 Bb7 1/2-1/2

[Event "Helsingor Xtracon op"]
[White "Rasmussen, Morten Fredsgaard"]
[Black "Mu, Ke"]
[Site "Helsingor"]
[Round "1"]
[Result "0-1"]
[Date "2018.07.21"]
[WhiteElo "1901"]
[BlackElo "2455"]
[PlyCount "52"]
[EventDate "2018.07.21"]
[EventType "swiss"]
[EventRounds "10"]
[EventCountry "DEN"]
[SourceTitle "CBM 185 Extra"]
[Source "ChessBase"]
[SourceDate "2018.07.29"]
[SourceVersion "1"]
[SourceVersionDate "2018.07.29"]
[SourceQuality "1"]

1. d4 Nf6 2. Bf4 g6 3. Nd2 Bg7 4. c3 d5 5. e3 0-0 6. Ngf3 Nbd7 7. Be2 c5 8. 0-0 b6 9. Ne5 Bb7 10. Bf3 Re8 11. Re1 Ne4 12. Nxd7 Qxd7 13. dxc5 Nxc5 14. Nb3 Na4 15. Qd2 e5 16. Bg3 Rad8 17. Rad1 Qe7 18. Qc2 b5 19. Rd2 f5 20. Red1 f4 21. exf4 exf4 22. Re2 Qf6 23. Bxd5+ Bxd5 24. Rxd5 fxg3 25. Rxb5 Rxe2 26. Qxe2 Qxf2+ 0-1

[Event "Helsingor Xtracon op"]
[White "Laverton, Christian"]
[Black "Rasmussen, Morten Fredsgaard"]
[Site "Helsingor"]
[Round "6"]
[Result "1-0"]
[Date "2017.07.26"]
[WhiteElo "2133"]
[BlackElo "1922"]
[PlyCount "49"]
[EventDate "2017.07.22"]
[EventType "swiss"]
[EventRounds "10"]
[EventCountry "DEN"]
[SourceTitle "CBM 179 Extra"]
[Source "ChessBase"]
[SourceDate "2017.08.23"]
[SourceVersion "1"]
[SourceVersionDate "2017.08.23"]
[SourceQuality "1"]

1. d4 d5 2. c4 c6 3. Nf3 Nf6 4. e3 e6 5. Bd3 a6 6. b3 Bb4+ 7. Bd2 Bxd2+ 8. Nbxd2 Nbd7 9. Rc1 Qe7 10. 0-0 e5 11. e4 dxc4 12. Nxc4 exd4 13. e5 Nd5 14. Nd6+ Kf8 15. Bc4 N7b6 16. Qxd4 Be6 17. Nd2 g6 18. f4 Nxc4 19. bxc4 Nc7 20. N2e4 Rd8 21. Qb6 Ne8 22. Rcd1 f5 23. Nc5 Bc8 24. Nxc8 Rxc8 25. Rd7 1-0

[Event "Helsingor Xtracon op"]
[White "Saric, Ivan"]
[Black "Rasmussen, Morten Fredsgaard"]
[Site "Helsingor"]
[Round "1"]
[Result "1-0"]
[Date "2017.07.22"]
[WhiteElo "2621"]
[BlackElo "1922"]
[PlyCount "39"]
[EventDate "2017.07.22"]
[EventType "swiss"]
[EventRounds "10"]
[EventCountry "DEN"]
[SourceTitle "CBM 179 Extra"]
[Source "ChessBase"]
[SourceDate "2017.08.23"]
[SourceVersion "1"]
[SourceVersionDate "2017.08.23"]
[SourceQuality "1"]

1. e4 c6 2. d4 d5 3. e5 Bf5 4. h4 h5 5. Bd3 Bxd3 6. Qxd3 e6 7. Bg5 Qb6 8. Nd2 c5 9. c4 Nc6 10. Ngf3 cxd4 11. 0-0 Be7 12. cxd5 Bxg5 13. Nc4 Qa6 14. Nxg5 Nb4 15. Qf3 Nh6 16. Nd6+ Ke7 17. Ndxf7 Rhf8 18. d6+ Kd7 19. Qb3 Nd5 20. Nxe6 1-0

[Event "Helsingor Xtracon op"]
[White "Rasmussen, Morten Fredsgaard"]
[Black "Jacobsen, Caroline Beer"]
[Site "Helsingor"]
[Round "10"]
[Result "1-0"]
[Date "2016.07.31"]
[WhiteElo "1972"]
[BlackElo "1544"]
[PlyCount "63"]
[EventDate "2016.07.23"]
[EventType "swiss"]
[EventRounds "10"]
[EventCountry "DEN"]
[SourceTitle "CBM 173 Extra"]
[Source "ChessBase"]
[SourceDate "2016.08.29"]
[SourceVersion "1"]
[SourceVersionDate "2016.08.29"]
[SourceQuality "1"]

1. d4 Nf6 2. Nf3 e6 3. e3 d5 4. Bd3 c5 5. c3 c4 6. Bc2 Be7 7. 0-0 0-0 8. Nbd2 Nc6 9. Qe2 b5 10. e4 a5 11. Ne5 Qc7 12. Nxc6 Qxc6 13. e5 Ne8 14. a3 Ba6 15. Qh5 g6 16. Qh6 Ng7 17. Nf3 Nf5 18. Bxf5 exf5 19. Ng5 Bxg5 20. Bxg5 f6 21. Bxf6 Ra7 22. Rfe1 Rff7 23. Re3 Rab7 24. Rg3 Rxf6 25. exf6 Qxf6 26. Re1 Re7 27. Rxe7 Qxe7 28. Re3 Qf7 29. Qg5 Kf8 30. Qd8+ Kg7 31. Re7 Qxe7 32. Qxe7+ 1-0

[Event "Helsingor Xtracon op"]
[White "Weber, Andreas"]
[Black "Rasmussen, Morten Fredsgaard"]
[Site "Helsingor"]
[Round "7"]
[Result "0-1"]
[Date "2016.07.28"]
[WhiteElo "1808"]
[BlackElo "1972"]
[PlyCount "111"]
[EventDate "2016.07.23"]
[EventType "swiss"]
[EventRounds "10"]
[EventCountry "DEN"]
[SourceTitle "CBM 173 Extra"]
[Source "ChessBase"]
[SourceDate "2016.08.29"]
[SourceVersion "1"]
[SourceVersionDate "2016.08.29"]
[SourceQuality "1"]

1. e4 c6 2. d3 d5 3. Nd2 e5 4. Ngf3 Bg4 5. h3 Bxf3 6. Qxf3 Nf6 7. g3 Nbd7 8. Bg2 Be7 9. 0-0 0-0 10. Re1 Re8 11. b3 Qa5 12. Qd1 Bb4 13. a3 Bc3 14. Rb1 Rad8 15. b4 Qb6 16. Rb3 d4 17. Nc4 Qc7 18. Rf1 b5 19. Nd2 c5 20. Nf3 c4 21. Rb1 h6 22. Nh2 a5 23. Ng4 Nxg4 24. hxg4 axb4 25. axb4 Qd6 26. g5 hxg5 27. Bxg5 Ra8 28. Bh3 f6 29. Bh4 Nf8 30. Kg2 g5 31. Bf5 Re7 32. Rh1 Qc6 33. g4 gxh4 34. Rxh4 Rg7 35. Qh1 Ng6 36. Bxg6 Rxg6 37. Rh8+ Kf7 38. Qh7+ Rg7 39. Qh5+ Ke7 40. Rh7 Rag8 41. Rh1 Qe6 42. f3 cxd3 43. Qh6 Qf7 44. Rh8 dxc2 45. Rc1 d3 46. Rxg8 Rxg8 47. Qe3 d2 48. Qc5+ Kd8 49. Qd6+ Qd7 50. Qb8+ Ke7 51. Qxg8 dxc1Q 52. Qg7+ Ke6 53. Qg8+ Kd6 54. Qf8+ Qe7 55. Qb8+ Ke6 56. Qb6+ 0-1

[Event "Helsingor Xtracon op"]
[White "Rose, Dennis Lauge"]
[Black "Rasmussen, Morten Fredsgaard"]
[Site "Helsingor"]
[Round "4"]
[Result "0-1"]
[Date "2016.07.25"]
[WhiteElo "1814"]
[BlackElo "1972"]
[PlyCount "38"]
[EventDate "2016.07.23"]
[EventType "swiss"]
[EventRounds "10"]
[EventCountry "DEN"]
[SourceTitle "CBM 173 Extra"]
[Source "ChessBase"]
[SourceDate "2016.08.29"]
[SourceVersion "1"]
[SourceVersionDate "2016.08.29"]
[SourceQuality "1"]

1. d4 d5 2. e3 c6 3. Nf3 Nf6 4. c4 e6 5. c5 Nbd7 6. Bd3 e5 7. dxe5 Ng4 8. e6 fxe6 9. Nd4 Nxc5 10. Bg6+ hxg6 11. Qxg4 Qf6 12. Qe2 e5 13. Nf3 Bg4 14. Qc2 Bf5 15. Qc3 Nd3+ 16. Kf1 Bb4 17. Qc2 Ne1 18. Qb3 Nxf3 19. Qxb4 Bd3# 0-1

[Event "Helsingor Xtracon op"]
[White "Pedersen, Nicolai Kvist Brond"]
[Black "Rasmussen, Morten Fredsgaard"]
[Site "Helsingor"]
[Round "2"]
[Result "1/2-1/2"]
[Date "2016.07.24"]
[WhiteElo "2231"]
[BlackElo "1972"]
[PlyCount "117"]
[EventDate "2016.07.23"]
[EventType "swiss"]
[EventRounds "10"]
[EventCountry "DEN"]
[SourceTitle "CBM 173 Extra"]
[Source "ChessBase"]
[SourceDate "2016.08.29"]
[SourceVersion "1"]
[SourceVersionDate "2016.08.29"]
[SourceQuality "1"]

1. c4 c6 2. Nf3 Nf6 3. Nc3 d5 4. e3 Bg4 5. cxd5 Nxd5 6. Be2 e6 7. 0-0 Be7 8. d4 0-0 9. e4 Nf6 10. Be3 Nbd7 11. Qc2 Qc7 12. Rad1 a6 13. Rfe1 Bh5 14. e5 Bg6 15. Bd3 Nd5 16. Nxd5 exd5 17. Bxg6 hxg6 18. Bg5 Rfe8 19. e6 fxe6 20. Qxg6 Nf8 21. Qh5 Bxg5 22. Nxg5 e5 23. Re3 g6 24. Qg4 exd4 25. Rxd4 Rxe3 26. fxe3 Re8 27. Qf3 Qe7 28. h4 Qxe3+ 29. Qxe3 Rxe3 30. Kf2 Re7 31. Rd3 Nh7 32. Nh3 Nf6 33. Nf4 Kg7 34. Kf3 Nd7 35. Kf2 Nc5 36. Re3 Ne4+ 37. Kf3 Rf7 38. g3 Re7 39. Rd3 Re5 40. b4 Kf7 41. a4 g5 42. hxg5 Nxg5+ 43. Kg4 Ne4 44. Kf3 Rg5 45. Kg2 Kf6 46. b5 axb5 47. axb5 Ke5 48. bxc6 bxc6 49. Nh3 Rg6 50. Nf4 Rg7 51. Nh5 Rg5 52. Nf4 Nxg3 53. Nh3 Nh5+ 54. Nxg5 Nf4+ 55. Kf3 Nxd3 56. Ke3 Nc1 57. Nf7+ Ke6 58. Ng5+ Kd7 59. Nf3 1/2-1/2

[Event "DEN-ch G5-2"]
[White "Jepsen, Thomas Tange"]
[Black "Rasmussen, Morten Fredsgaard"]
[Site "Svendborg"]
[Round "3"]
[Result "1-0"]
[Date "2016.03.26"]
[WhiteElo "2094"]
[BlackElo "1910"]
[PlyCount "109"]
[EventDate "2016.03.24"]
[EventType "swiss"]
[EventRounds "5"]
[EventCountry "DEN"]
[SourceTitle "EXT 2023"]
[Source "ChessBase"]
[SourceDate "2022.10.05"]
[SourceVersion "1"]
[SourceVersionDate "2022.10.05"]
[SourceQuality "1"]

1. d4 d5 2. c4 c6 3. Nc3 Nf6 4. Nf3 e6 5. e3 Nbd7 6. Qc2 a6 7. b3 Bb4 8. Bd3 Qc7 9. a3 Bxc3+ 10. Qxc3 c5 11. 0-0 b6 12. Bb2 Bb7 13. Ne5 dxc4 14. Qxc4 Nxe5 15. dxe5 Bd5 16. Qc3 Nd7 17. e4 Bc6 18. f4 Qb7 19. Qc2 Bb5 20. Bxb5 axb5 21. Rfd1 b4 22. a4 0-0-0 23. Rd6 Nb8 24. a5 Nc6 25. a6 Qc7 26. Qd3 Rd7 27. Qb5 Na7 28. Qxb6 Qxb6 29. Rxb6 Kc7 30. Rb7+ Kc6 31. Rxd7 Kxd7 32. Rc1 Kc6 33. Bd4 Kb5 34. Rxc5+ Kxa6 35. Rc4 Rd8 36. Bxa7 Kxa7 37. Rxb4 Rd2 38. h4 Rc2 39. h5 Rd2 40. Kh2 Rc2 41. Rd4 Rc7 42. b4 Kb7 43. Kg3 Kc8 44. f5 Rc3+ 45. Kf4 Rb3 46. g4 Rb1 47. fxe6 Rf1+ 48. Kg5 fxe6 49. h6 gxh6+ 50. Kxh6 Rh1+ 51. Kg5 h6+ 52. Kf6 Rg1 53. Kxe6 Rxg4 54. Kf5 h5 55. e6 1-0

[Event "Politiken Cup 37th"]
[White "Hvenekilde, Jorgen"]
[Black "Rasmussen, Morten Fredsgaard"]
[Site "Helsingor"]
[Round "9"]
[Result "1/2-1/2"]
[Date "2015.08.01"]
[WhiteElo "2114"]
[BlackElo "1932"]
[PlyCount "31"]
[EventDate "2015.07.25"]
[EventType "swiss"]
[EventRounds "10"]
[EventCountry "DEN"]
[SourceTitle "CBM 167 Extra"]
[Source "ChessBase"]
[SourceDate "2015.09.14"]
[SourceVersion "1"]
[SourceVersionDate "2015.09.14"]
[SourceQuality "1"]

1. e4 c6 2. d4 d5 3. e5 Bf5 4. Ne2 e6 5. Ng3 Bg6 6. c3 c5 7. Bd3 Nc6 8. 0-0 Bxd3 9. Qxd3 g6 10. Be3 cxd4 11. Bxd4 Nxd4 12. cxd4 Bh6 13. Nc3 a6 14. Nd1 Ne7 15. Ne3 0-0 16. Rac1 1/2-1/2

[Event "Politiken Cup 37th"]
[White "Rasmussen, Morten Fredsgaard"]
[Black "Jorgensen, Orla Eilegaard"]
[Site "Helsingor"]
[Round "4"]
[Result "1-0"]
[Date "2015.07.27"]
[WhiteElo "1932"]
[BlackElo "1656"]
[PlyCount "67"]
[EventDate "2015.07.25"]
[EventType "swiss"]
[EventRounds "10"]
[EventCountry "DEN"]
[SourceTitle "CBM 167 Extra"]
[Source "ChessBase"]
[SourceDate "2015.09.14"]
[SourceVersion "1"]
[SourceVersionDate "2015.09.14"]
[SourceQuality "1"]

1. d4 d5 2. Bf4 Nf6 3. Nf3 c6 4. c3 Nbd7 5. e3 e6 6. Bd3 c5 7. Nbd2 c4 8. Bc2 b5 9. e4 Bb7 10. e5 Ne4 11. 0-0 b4 12. Nxe4 dxe4 13. Ng5 Qa5 14. Nxe4 Qd5 15. f3 h6 16. Qd2 a5 17. Rad1 Ra6 18. Qe2 Be7 19. Nd2 Nb6 20. Be4 Qd7 21. Nxc4 Bxe4 22. Nd6+ Bxd6 23. Qxa6 Bxf3 24. Rxf3 Bc7 25. Qxa5 g5 26. Bc1 f5 27. Rfd3 bxc3 28. bxc3 g4 29. Ba3 Nc4 30. Qa8+ Bd8 31. Rb1 Nxe5 32. Rb7 Qxb7 33. Qxb7 Nxd3 34. Qb5+ 1-0

[Event "Politiken Cup 37th"]
[White "Brunello, Sabino"]
[Black "Rasmussen, Morten Fredsgaard"]
[Site "Helsingor"]
[Round "1"]
[Result "1-0"]
[Date "2015.07.25"]
[WhiteElo "2539"]
[BlackElo "1932"]
[PlyCount "37"]
[EventDate "2015.07.25"]
[EventType "swiss"]
[EventRounds "10"]
[EventCountry "DEN"]
[SourceTitle "CBM 167 Extra"]
[Source "ChessBase"]
[SourceDate "2015.09.14"]
[SourceVersion "1"]
[SourceVersionDate "2015.09.14"]
[SourceQuality "1"]

1. d4 d5 2. c4 c6 3. Nf3 Nf6 4. e3 e6 5. Nbd2 Nbd7 6. Bd3 a6 7. b3 e5 8. dxe5 Ng4 9. Bb2 Qe7 10. cxd5 cxd5 11. 0-0 Ngxe5 12. Be2 Qd6 13. Rc1 Be7 14. e4 0-0 15. Nd4 dxe4 16. Nxe4 Qg6 17. Ng3 Rd8 18. Ndf5 Nc6 19. Rxc6 1-0

[Event "DEN-ch G5-A"]
[White "Rasmussen, Morten Fredsgaard"]
[Black "Agger, Lars Breinholt"]
[Site "Skorping"]
[Round "3"]
[Result "1-0"]
[Date "2014.04.19"]
[WhiteElo "1944"]
[BlackElo "1755"]
[PlyCount "39"]
[EventDate "2014.04.17"]
[EventType "swiss"]
[EventRounds "5"]
[EventCountry "DEN"]
[SourceTitle "EXT 2023"]
[Source "ChessBase"]
[SourceDate "2022.10.05"]
[SourceVersion "1"]
[SourceVersionDate "2022.10.05"]
[SourceQuality "1"]

1. e4 c5 2. Nc3 d6 3. Bc4 Nc6 4. d3 Nf6 5. Nge2 e6 6. Bg5 Be7 7. 0-0 a6 8. a4 0-0 9. f4 Ng4 10. Bxe7 Qxe7 11. Rf3 Nd4 12. Rh3 Nf6 13. e5 dxe5 14. fxe5 Nd7 15. Nxd4 cxd4 16. Qh5 h6 17. Ne4 Rd8 18. Rf1 Nf8 19. Rhf3 Rd7 20. Nf6+ 1-0

[Event "DEN-ch G5-A"]
[White "Mortensen, Henrik"]
[Black "Rasmussen, Morten Fredsgaard"]
[Site "Skorping"]
[Round "2"]
[Result "1-0"]
[Date "2014.04.18"]
[WhiteElo "2011"]
[BlackElo "1944"]
[PlyCount "79"]
[EventDate "2014.04.17"]
[EventType "swiss"]
[EventRounds "5"]
[EventCountry "DEN"]
[SourceTitle "EXT 2023"]
[Source "ChessBase"]
[SourceDate "2022.10.05"]
[SourceVersion "1"]
[SourceVersionDate "2022.10.05"]
[SourceQuality "1"]

1. Nf3 d5 2. b3 c6 3. Bb2 Nf6 4. g3 Bg4 5. Bg2 Nbd7 6. h3 Bh5 7. 0-0 e6 8. d3 Bd6 9. Nbd2 Qe7 10. a4 0-0 11. e4 dxe4 12. dxe4 Bxf3 13. Qxf3 Be5 14. c3 Rad8 15. Nc4 Bb8 16. Qe2 Ne5 17. Ba3 c5 18. Nb2 b6 19. Rfd1 Rxd1+ 20. Rxd1 Rd8 21. f4 Rxd1+ 22. Qxd1 Nc6 23. e5 Nd5 24. Bxd5 exd5 25. Qxd5 Qe8 26. Nc4 Kh8 27. b4 Ne7 28. Qd3 Qxa4 29. bxc5 b5 30. Qd8+ Ng8 31. Qxb8 Qd1+ 32. Kf2 Qc2+ 33. Kf3 Qd1+ 34. Ke3 bxc4 35. Qd6 Qg1+ 36. Ke4 Qxg3 37. c6 Qxc3 38. c7 f5+ 39. Kd5 Qd3+ 40. Ke6 1-0

[Event "Politiken Cup 35th"]
[White "Rasmussen, Morten Fredsgaard"]
[Black "Larsen, Hans Haagen"]
[Site "Helsingor"]
[Round "9"]
[Result "1-0"]
[Date "2013.08.03"]
[WhiteElo "1920"]
[BlackElo "1712"]
[PlyCount "95"]
[EventDate "2013.07.27"]
[EventType "swiss"]
[EventRounds "10"]
[EventCountry "DEN"]
[SourceTitle "CBM 155 Extra"]
[Source "ChessBase"]
[SourceDate "2013.08.26"]
[SourceVersion "1"]
[SourceVersionDate "2013.08.26"]
[SourceQuality "1"]

1. d4 Nf6 2. Nf3 d5 3. Bg5 Bf5 4. c3 e6 5. Qb3 Nbd7 6. Bxf6 Nxf6 7. Qxb7 Rb8 8. Qc6+ Qd7 9. Qxd7+ Nxd7 10. b3 c5 11. e3 cxd4 12. Nxd4 Bg6 13. Bb5 e5 14. Bxd7+ Kxd7 15. Ne2 Bd3 16. Kd2 Bg6 17. Rd1 Bd6 18. Ke1 Rb5 19. b4 Ke6 20. f4 f6 21. g4 Be4 22. Nd2 Bc2 23. Rdc1 Bd3 24. Nf3 Rb7 25. Rd1 Be4 26. Kf2 h5 27. fxe5 Bxf3 28. Nd4+ Kxe5 29. Nxf3+ Ke6 30. g5 Rc7 31. Nd4+ Ke5 32. Nb5 Rf7 33. Nxd6 Kxd6 34. c4 fxg5+ 35. Kg2 Rf5 36. e4 Re5 37. exd5 Rhe8 38. Rd2 Re4 39. c5+ Kd7 40. Rf1 Rxb4 41. Rf7+ Re7 42. Rdf2 Rg4+ 43. Kh1 Rge4 44. d6 Re1+ 45. Kg2 Rxf7 46. Rxf7+ Kc6 47. Rc7+ Kd5 48. d7 1-0